Statistics for 1/29

Click here to take the quiz!

General Stats

  • This quiz has been taken 20 times
  • The average score is 26 of 28

Answer Stats

Answer% Correct
0
100%
2
100%
3
100%
4
100%
4
100%
5
100%
6
100%
7
100%
8
100%
8
100%
2
95%
0
90%
1
90%
1
90%
1
90%
2
90%
3
90%
3
90%
4
90%
5
90%
5
90%
6
90%
6
90%
7
90%
7
90%
8
90%
9
90%
9
90%

Score Distribution

Percentile by Number Answered

Percent of People with Each Score

Your Score History

You have not taken this quiz